01112nac a22002771u 4500010001700000020002800017082001500045090001500060100003400075245008700109250001200196260006200208300003600270440004300306500002000349500002600369511002600395650003100421650002300452700002500475856009100500856009200591942001700683999001500700952011900715 a 2003011267 a0072515848 (alk. paper)00a004.6bFOR c6635d6635 aForouzan, Behrouz A. 10aData communications and networking /cBehrouz A. Forouzan with Sophia Chung Fegan. a3rd ed. aDubuque, Iowa :bMcGraw-Hill Higher Education,2004c2004. axxxiv, 973 p. :bill. ;c24 cm. 0aMcGraw-Hill Forouzan networking series aIncludes index. adistributer: Al-Ahram acatalogued by: wessam 0aData transmission systems. 0aComputer networks.1 aFegan, Sophia Chung.423Publisher descriptionuhttp://www.loc.gov/catdir/enhancements/fy0701/2003011267-d.html423Table of contents onlyuhttp://www.loc.gov/catdir/enhancements/fy0701/2003011267-t.html cBBk004.6FOR c6635d6635 00104070aMAINbMAINcLOWd2007-11-28ePurchasel3m31o004.6FORp000008312r2025-07-15 00:00:00s2018-03-07yBB